Becoming Che: (Record no. 29360)

MARC details
000 -LEADER
fixed length control field 01026naa a2200241 4500
005 - DATE AND TIME OF LATEST TRANSACTION
control field 20090821110445.0
008 - FIXED-LENGTH DATA ELEMENTS--GENERAL INFORMATION
fixed length control field 090821t xxu||||| |||| 00| 0 eng d
010 ## - LCCN (DPL NO)
LC control number ENG-94780
020 ## - INTERNATIONAL STANDARD BOOK NUMBER
Terms of availability 275.00
International Standard Book Number 9788187496809
035 ## - SYSTEM CONTROL NUMBER
System control number EN-78313
037 ## - SOURCE OF ACQUISITION
Source of stock number/acquisition DBAD / PUB
040 ## - CATALOGING SOURCE
Original cataloging agency dpl
Language of cataloging English
082 ## - DEWEY DECIMAL CLASSIFICATION NUMBER
Classification number 980.035092
100 ## - MAIN ENTRY--PERSONAL NAME
Personal name Ferrer, Carlos "Calica"
245 ## - TITLE STATEMENT
Title Becoming Che:
Statement of responsibility, etc by Carlos "Calica" Ferrer; translated from the Spanish by Sarah L. Smith; foreword by Alberto Granado
Remainder of title Guevara's second and final trip through Latin America /
260 ## - PUBLICATION, DISTRIBUTION, ETC. (IMPRINT)
Place of publication, distribution, etc New Delhi
Name of publisher, distributor, etc Leftword Books
Date of publication, distribution, etc 2009
270 ## - ADDRESS
Address 12 Rajendra Prasad Road,
City New Delhi
Postal code 110 001
300 ## - PHYSICAL DESCRIPTION
Extent 184p. :
Dimensions 22cm(pbk)
Other physical details b&w photos
600 ## - SUBJECT ADDED ENTRY--PERSONAL NAME
Personal name Guevara, Ernesto
Dates associated with a name 1928-1967
700 ## - ADDED ENTRY--PERSONAL NAME
Personal name Smith, Sarah L.
942 ## - ADDED ENTRY ELEMENTS (KOHA)
Institution code [OBSOLETE] dpl
Item type English Books
Source of classification or shelving scheme Dewey Decimal Classification
Call number suffix FER
Classification part 980.035092
Holdings
Withdrawn status Lost status Source of classification or shelving scheme Damaged status Not for loan Collection code Home library Current library Date acquired Source of acquisition Cost, normal purchase price Total Checkouts Full call number Barcode Date last seen Copy number Cost, replacement price Koha item type
    Dewey Decimal Classification   Not For Loan Non-fiction D.B.Act.Division D.B.Act.Division 21/08/2009 DBAD / PUB 275.00   980.035092 FER EN-78313 21/08/2009 1 275.00 English Books

© Delhi Public Library
Hit Counter
free hit counter